| 000 | 00383nam a2200157Ia 4500 | ||
|---|---|---|---|
| 008 | 230917s9999||||xx |||||||||||||| ||und|| | ||
| 020 | _cPOU3.5 | ||
| 040 |
_e9266 _aMAIN |
||
| 041 | _aEnglish | ||
| 082 | _a309.1117671 T851M | ||
| 100 | _aTurner, Bryan | ||
| 245 | 0 | _aMarx and the end of orientalism | |
| 260 |
_aLondon _bGeorge Allen _c1978 |
||
| 300 | _ax, 98 p. | ||
| 942 | _cBK | ||
| 999 |
_c205527 _d205527 |
||